000
00280nam a2200133 a 4500
008
141008s2009|||| d
100
1
_a
Cohn, Werner
245
1
0
_a
Cikáni
260
_b
Slon
_a
Praha
_c
2009
020
_c
6,58
041
_a
slo
044
_a
xo
_c
SK
958
_a
APR
999
_c
20468
_d
20468